[Event "SVK-chT 2324"]
[Site "Slovakia"]
[Date "2023.11.04"]
[Round "1.2"]
[White "Finek, Vaclav"]
[Black "Chlpik, Martin"]
[Result "1-0"]
[WhiteElo "2411"]
[BlackElo "2293"]
[PlyCount "63"]
[EventDate "2023.11.04"]
[EventType "team-tourn"]
[EventRounds "11"]
[EventCountry "SVK"]
[SourceTitle "Mega2024 Update 01"]
[Source "Chessbase"]
[SourceDate "2023.11.12"]
[SourceVersion "1"]
[SourceVersionDate "2023.11.12"]
[SourceQuality "1"]
[WhiteTeam "Dunajska Streda"]
[BlackTeam "Levice"]
[WhiteTeamCountry "SVK"]
[BlackTeamCountry "SVK"]

1. d4 Nf6 2. c4 c5 3. d5 e6 4. Nc3 exd5 5. cxd5 d6 6. Nf3 g6 7. g3 Bg7 8. Bg2 0-0 9. 0-0 Re8 10. Bf4 Ne4 11. Nxe4 Rxe4 12. Nd2 Rb4 13. a3 Rxf4 14. gxf4 Bxb2 15. Rb1 Bxa3 16. e4 Nd7 17. Nc4 Bb4 18. Nxd6 Qh4 19. Qc1 Nb6 20. Qe3 a5 21. e5 Qe7 22. Rfc1 Bg4 23. h3 Bf5 24. Nxf5 gxf5 25. d6 Qe6 26. Bxb7 Rb8 27. Bg2 a4 28. Rxc5 Bxc5 29. Qxc5 Qb3 30. Rxb3 axb3 31. Qb5 Nd7 32. Bb7 1-0

[Event "Titled Tuesday intern op 25th Jul Late"]
[Site "Chess.com INT"]
[Date "2023.07.25"]
[Round "4"]
[White "Chlpik, Martin"]
[Black "Indjic, Aleksandar"]
[Result "0-1"]
[WhiteElo "2323"]
[BlackElo "2619"]
[PlyCount "108"]
[EventDate "2023.07.25"]
[EventType "swiss (blitz)"]
[EventRounds "11"]
[EventCountry "USA"]
[SourceTitle "EXT 2024"]
[Source "ChessBase"]
[SourceDate "2023.10.10"]
[SourceVersion "1"]
[SourceVersionDate "2023.10.10"]
[SourceQuality "1"]

1. d4 Nf6 2. Nc3 d6 3. e4 e5 4. dxe5 dxe5 5. Qxd8+ Kxd8 6. Bc4 Ke8 7. Bg5 c6 8. 0-0-0 Bb4 9. Nge2 Nbd7 10. f3 h6 11. Bd2 a5 12. Kb1 b5 13. Bd3 Bc5 14. Nc1 a4 15. a3 Ke7 16. Rhe1 Rd8 17. Be3 Bxe3 18. Rxe3 Nc5 19. N1a2 Rd6 20. Nb4 Bb7 21. Be2 Rad8 22. Rxd6 Rxd6 23. Kc1 Nfd7 24. Bxb5 cxb5 25. Nxb5 Rb6 26. Nc3 Nf6 27. Re1 g5 28. Rd1 Rd6 29. Nd3 Nxd3+ 30. Rxd3 Rxd3 31. cxd3 Bc6 32. Ne2 Nh5 33. d4 f6 34. d5 Bd7 35. g3 Kd6 36. Kd2 Kc5 37. Kc3 Ng7 38. Nc1 Bb5 39. Na2 Ne8 40. Nb4 Nd6 41. b3 axb3 42. Kxb3 Be2 43. Nc2 Bxf3 44. Ne3 Bxe4 45. Ng4 Bxd5+ 46. Kc3 Ne4+ 47. Kd3 h5 48. Ne3 Nd6 49. a4 Bb7 50. h4 gxh4 51. gxh4 f5 52. Nf1 f4 53. Ke2 e4 54. Nh2 Nf5 0-1

[Event "Titled Tuesday intern op 25th Jul Late"]
[Site "Chess.com INT"]
[Date "2023.07.25"]
[Round "2"]
[White "Chlpik, Martin"]
[Black "Sroczynski, Maciej"]
[Result "1-0"]
[WhiteElo "2323"]
[BlackElo "2271"]
[PlyCount "81"]
[EventDate "2023.07.25"]
[EventType "swiss (blitz)"]
[EventRounds "11"]
[EventCountry "USA"]
[SourceTitle "EXT 2024"]
[Source "ChessBase"]
[SourceDate "2023.10.10"]
[SourceVersion "1"]
[SourceVersionDate "2023.10.10"]
[SourceQuality "1"]

1. d4 c5 2. d5 e6 3. c4 Nf6 4. Nc3 exd5 5. cxd5 d6 6. e4 Be7 7. Bd3 0-0 8. h3 Na6 9. Nf3 Nc7 10. 0-0 Bd7 11. a4 b6 12. Bf4 a6 13. e5 Nfe8 14. Re1 Rb8 15. Bh2 b5 16. axb5 axb5 17. Ne4 Nxd5 18. exd6 Bf6 19. Nxc5 Bxb2 20. Ra7 Bc6 21. Bxh7+ Kxh7 22. Qc2+ Kg8 23. d7 Nef6 24. Qxb2 Ra8 25. Ne5 Rxa7 26. Nxc6 Qb6 27. Nxa7 Qxc5 28. Nxb5 Nxd7 29. Bd6 Qb6 30. Bxf8 Nxf8 31. Re8 Nf6 32. Ra8 Qb7 33. Qa3 N6d7 34. Nd6 Qd5 35. Nc8 Qe5 36. Ra5 Qe1+ 37. Kh2 g6 38. Ne7+ Kg7 39. Qb2+ Nf6 40. Nd5 N8d7 41. Ra6 1-0

[Event "Titled Tuesday intern op 23rd May Late"]
[Site "Chess.com INT"]
[Date "2023.05.23"]
[Round "1"]
[White "Mizzi, Jack"]
[Black "Chlpik, Martin"]
[Result "1-0"]
[WhiteElo "1986"]
[BlackElo "2323"]
[PlyCount "75"]
[EventDate "2023.05.23"]
[EventType "swiss (blitz)"]
[EventRounds "11"]
[EventCountry "USA"]
[SourceTitle "EXT 2024"]
[Source "ChessBase"]
[SourceDate "2023.10.10"]
[SourceVersion "1"]
[SourceVersionDate "2023.10.10"]
[SourceQuality "1"]

1. d4 Nf6 2. c4 e6 3. g3 c5 4. d5 exd5 5. cxd5 d6 6. Bg2 g6 7. Nf3 Bg7 8. 0-0 0-0 9. Nc3 a6 10. a4 Re8 11. a5 Nbd7 12. Bf4 Qe7 13. Nd2 Nh5 14. Be3 Ne5 15. Qc2 Ng4 16. Nc4 Bf5 17. Qb3 Bd4 18. Bxd4 cxd4 19. Na4 Qxe2 20. Nxd6 Bc2 21. Qxb7 Qe7 22. Qxe7 Rxe7 23. h3 Ne5 24. Ne4 Nc4 25. d6 Rxe4 26. Bxe4 Bxe4 27. Rfd1 d3 28. Nc5 Nxd6 29. Nxe4 Nxe4 30. Rxd3 Rb8 31. Rd4 f5 32. b4 Nhf6 33. Rc1 Rb5 34. Kg2 Nd5 35. Rc6 Nxb4 36. Rb6 Rxb6 37. axb6 Nc5 38. Rxb4 1-0

[Event "Titled Tuesday intern op 17th Jan Late"]
[Site "Chess.com INT"]
[Date "2023.01.17"]
[Round "1"]
[White "Prado Lobo, Jonas"]
[Black "Chlpik, Martin"]
[Result "1-0"]
[WhiteElo "2306"]
[BlackElo "2287"]
[PlyCount "57"]
[EventDate "2023.01.17"]
[EventType "swiss (blitz)"]
[EventRounds "11"]
[EventCountry "USA"]
[SourceTitle "CBM 212 Extra"]
[Source "ChessBase"]
[SourceDate "2023.03.31"]
[SourceVersion "1"]
[SourceVersionDate "2023.03.31"]
[SourceQuality "1"]

1. Nf3 c5 2. c4 g6 3. g3 Bg7 4. Bg2 Nc6 5. 0-0 e5 6. d3 Nge7 7. Nc3 a6 8. Rb1 Rb8 9. a3 b5 10. cxb5 axb5 11. b4 cxb4 12. axb4 d5 13. Re1 0-0 14. e4 d4 15. Nd5 Nxd5 16. exd5 Qxd5 17. Nxe5 Qxg2+ 18. Kxg2 Nxe5 19. Bf4 Bb7+ 20. Kf1 Nf3 21. Bxb8 Rxb8 22. Re7 Nxh2+ 23. Ke1 Nf3+ 24. Ke2 Bd5 25. Qc1 Bf6 26. Qf4 Ra8 27. Qxf6 Ra2+ 28. Kd1 Rd2+ 29. Kc1 1-0

[Event "Titled Tuesday intern op 13th Dec Late"]
[Site "Chess.com INT"]
[Date "2022.12.13"]
[Round "3"]
[White "Goncalves, Davi Sulzbacher"]
[Black "Chlpik, Martin"]
[Result "1-0"]
[WhiteElo "2282"]
[BlackElo "2270"]
[PlyCount "81"]
[EventDate "2022.12.13"]
[EventType "swiss (blitz)"]
[EventRounds "11"]
[EventCountry "USA"]
[SourceTitle "EXT 2024"]
[Source "ChessBase"]
[SourceDate "2023.10.10"]
[SourceVersion "1"]
[SourceVersionDate "2023.10.10"]
[SourceQuality "1"]

1. Nf3 c5 2. d4 cxd4 3. Nxd4 e5 4. Nf3 Nc6 5. c4 Bc5 6. e3 Nf6 7. a3 a5 8. Nc3 0-0 9. Bd3 Re8 10. Qc2 h6 11. 0-0 b6 12. b3 Bb7 13. Bb2 Rc8 14. Nd2 d5 15. Bf5 d4 16. Bxc8 Qxc8 17. Na4 dxe3 18. Nxc5 exf2+ 19. Rxf2 bxc5 20. Raf1 Nd4 21. Qd3 e4 22. Qg3 e3 23. Bxd4 exf2+ 24. Bxf2 Re2 25. Nf3 Ne4 26. Qf4 Nxf2 27. Rxf2 Re4 28. Qd6 Qf5 29. Qb8+ Bc8 30. Rd2 Re8 31. Qb6 Kh7 32. Qxa5 Qb1+ 33. Kf2 Qxb3 34. Qb5 Qe3+ 35. Kg3 Bf5 36. h3 Re6 37. Qb7 Rg6+ 38. Kh2 Be4 39. Qe7 Qf4+ 40. Kh1 Bxf3 41. Qe1 1-0